| 000 | 01057nam a22002893i 4500 | ||
|---|---|---|---|
| 001 | BDZ0056836182 | ||
| 003 | StDuBDS | ||
| 005 | 20250625100823.0 | ||
| 007 | cr|||||||||||| | ||
| 008 | 250117s2025 enk go 000|0 eng d | ||
| 020 |
_a9798230691099 : _c29.99 |
||
| 040 |
_aStDuBDS _beng _erda _cStDuBDS |
||
| 100 | 1 |
_aFanakoh, Lamartine, _eauthor. |
|
| 245 | 1 | 0 |
_aAI Agency for Real Estate Unlocking the Future of Property Management and Investment / _cLamartine Fanakoh. |
| 264 | 1 |
_a[Place of publication not identified] : _bDistributed via Smashwords, _c2025. |
|
| 300 | _a1 online resource | ||
| 336 |
_atext _2rdacontent |
||
| 337 |
_aunmediated _2rdamedia |
||
| 338 |
_avolume _2rdacarrier |
||
| 366 |
_b20250117 _cAvailable |
||
| 650 | _aEBOOK | ||
| 650 | _aARTIFICIAL INTELLIGENCE | ||
| 650 | _aESTATE AGENCY | ||
| 650 | _aPROPERTY MANAGEMENT | ||
| 856 | 4 | 0 |
_uhttps://www.vlebooks.com/product/openreader?id=RICS&accId=9491556&isbn=9798230691099 _zAvailable on VLeBooks (email [email protected] if you do not have a login) |
| 942 | _2ddc | ||
| 999 |
_c122178 _d122178 |
||